Library Banner

المنتخبات/ (Record no. 92746)

MARC details
000 -LEADER
fixed length control field 00422nam a22001457a 4500
005 - DATE AND TIME OF LATEST TRANSACTION
control field 20180227145548.0
008 - FIXED-LENGTH DATA ELEMENTS--GENERAL INFORMATION
fixed length control field 170420b xxu||||| |||| 00| 0 eng d
040 ## - CATALOGING SOURCE
Transcribing agency PK-LaUMT
082 ## - DEWEY DECIMAL CLASSIFICATION NUMBER
Classification number ZIAC 297.07
Item number AHM-A
100 ## - MAIN ENTRY--PERSONAL NAME
Personal name احمد لطفی السید باشا
245 ## - TITLE STATEMENT
Title المنتخبات/
Statement of responsibility, etc احمد لطفی السید باشا
260 ## - PUBLICATION, DISTRIBUTION, ETC. (IMPRINT)
Place of publication, distribution, etc [ ]
Name of publisher, distributor, etc ھدبہ المفنطف،
Date of publication, distribution, etc 1945
300 ## - PHYSICAL DESCRIPTION
Extent 168 ص
942 ## - ADDED ENTRY ELEMENTS (KOHA)
Koha item type Books
Holdings
Withdrawn status Lost status Damaged status Home library Current library Date acquired Full call number Barcode Date last seen Price effective from Koha item type
      UMT Main Campus UMT Main Campus 2017-04-20 ZIAC 297.07 AHM-A 107750 2017-04-20 2017-04-20 Books